| Tag |
First Indicator |
Second Indicator |
Subfields |
| LEADER |
00000cam a2200000 4500 |
| 001 |
in00000094453 |
| 005 |
20170811132656.0 |
| 008 |
730625s1972 enka b 001 0 eng |
| 010 |
|
|
|a 71183472
|
| 035 |
|
|
|a (OCoLC)ocm00668028
|
| 040 |
|
|
|a DLC
|b eng
|c DLC
|d YBM
|d AU@
|d NLE
|d GEBAY
|d OG#
|d BDX
|d RBN
|d GBVCP
|d UKMGB
|d OCLCF
|d OCLCO
|d OCLCQ
|d DEBBG
|d OCLCQ
|
| 016 |
7 |
|
|a 003058409
|2 Uk
|
| 020 |
|
|
|a 0129035505
|
| 020 |
|
|
|a 9780129035503
|
| 035 |
|
|
|a (OCoLC)668028
|
| 050 |
|
0 |
|a TS951
|b .R43
|
| 082 |
0 |
0 |
|a 675/.2/09
|2 21
|
| 084 |
|
|
|a 06.18
|2 bcl
|
| 084 |
|
|
|a 06.21
|2 bcl
|
| 084 |
|
|
|a 58.29
|2 bcl
|
| 084 |
|
|
|a 6,12
|2 ssgn
|
| 084 |
|
|
|a NF 1215
|2 rvk
|
| 049 |
|
|
|a TXAM
|
| 100 |
1 |
|
|a Reed, R.
|
| 245 |
1 |
0 |
|a Ancient skins, parchments and leathers
|c [by] R. Reed.
|
| 260 |
|
|
|a London,
|a New York,
|b Seminar Press,
|c 1972.
|
| 300 |
|
|
|a ix, 331 pages
|b illustrations
|c 24 cm.
|
| 336 |
|
|
|a text
|b txt
|2 rdacontent
|
| 337 |
|
|
|a unmediated
|b n
|2 rdamedia
|
| 338 |
|
|
|a volume
|b nc
|2 rdacarrier
|
| 490 |
1 |
|
|a Studies in archaeological science.
|
| 504 |
|
|
|a Includes bibliographical references.
|
| 505 |
0 |
|
|a Animal skin -- Methods of processing skin -- Skin products in their historical context -- Parchment: its nature and mode of production -- Skin materials and the archaeologist/conservationist -- The examination of skin writing materials in UV light -- Chemical tests for tanning agents in ancient skin materials -- The physical examination of parchment and leather.
|
| 650 |
|
0 |
|a Leather
|x History.
|
| 650 |
|
0 |
|a Hides and skins
|x History.
|
| 650 |
|
7 |
|a Hides and skins.
|2 fast
|0 (OCoLC)fst00955945
|
| 650 |
|
7 |
|a Leather.
|2 fast
|0 (OCoLC)fst00995089
|
| 650 |
0 |
7 |
|a Leder.
|2 swd
|
| 650 |
0 |
7 |
|a Vor- und Frühgeschichte.
|2 swd
|
| 650 |
0 |
7 |
|a Pergament.
|2 swd
|
| 650 |
0 |
7 |
|a Haut.
|2 swd
|
| 650 |
0 |
7 |
|a Haut.
|0 (DE-588)4023838-6
|2 gnd
|
| 650 |
0 |
7 |
|a Leder.
|0 (DE-588)4034974-3
|2 gnd
|
| 650 |
0 |
7 |
|a Pergament.
|0 (DE-588)4173751-9
|2 gnd
|
| 650 |
0 |
7 |
|a Vor- und Frühgeschichte.
|0 (DE-588)4078951-2
|2 gnd
|
| 655 |
|
7 |
|a History.
|2 fast
|0 (OCoLC)fst01411628
|
| 830 |
|
0 |
|a Studies in archaeological science.
|
| 994 |
|
|
|a C0
|b TXA
|
| 999 |
f |
f |
|s f99bb745-075b-34cd-8c1b-c58045005b67
|i c7309e7f-664d-3afd-ba2b-263dd03d3917
|t 0
|
| 952 |
f |
f |
|p 14_day
|a Texas A&M University
|b College Station
|c Sterling C. Evans Library
|d Evans: Preservation Office (see AskUs desk for assistance)
|t 0
|e TS951 .R43
|h Library of Congress classification
|i unmediated -- volume
|m A14805650417
|
| 998 |
f |
f |
|a TS951 .R43
|t 0
|l Evans: Preservation Office (see AskUs desk for assistance)
|